Espejos con memoria
| Hovedforfatter: | |
|---|---|
| Format: | Bog |
| Sprog: | Spanish |
| Fag: |
MARC
| LEADER | 00000nam a22000007a 4500 | ||
|---|---|---|---|
| 003 | Ucuenca | ||
| 005 | 20230308225157.0 | ||
| 008 | 170706b2014 ec ||||| |||| 00| 0 spa d | ||
| 020 | |a 9789942205285 | ||
| 040 | |b spa | ||
| 041 | 0 | |a spa | |
| 082 | 0 | |a 700.027 | |
| 100 | 1 | |9 205422 |a Ochoa, Tomás | |
| 245 | |a Espejos con memoria |c Tomás Ochoa |h imp | ||
| 264 | |a Quito |b Produbanco |c 2014 | ||
| 300 | |a 213 páginas: |b ilu |c 26 páginas: | ||
| 504 | |a incl. ref. | ||
| 650 | 0 | |9 426 |a Arte ecuatoriano | |
| 650 | 4 | |a Catálogo |9 17024 | |
| 942 | |c BK |z margarita.gutiérrez@ucuenca.edu.ec | ||
| 999 | |c 151677 |d 151677 | ||